000 01007nac a2200289 i 4500
003 EG-GICUC
005 20260121101350.0
008 251127b1998 ua ||||fr|||| 00| 0 eng d
040 _aEG-GiCUC
_beng
_cEG-GiCUC
_dEG-GiCUC
_erda
082 0 4 _221
_a340
092 0 4 _221
099 _aLaw 08 1998
100 1 _aBarsoum, Awny R.
245 1 0 _aArticles on common law & Anglo- American legal system /
_cprepared & organized prof Dr. Awny R. Barsoum, prof Dr. M. Mohamed Badran.
264 _aCairo :
_bCairo Uiversity. Law school. English department,
_c1998.
300 _a284 pages :
_billustrations ;
_c24 cm
336 _2rda content
_atext
337 _2rda media
_aComputer
338 _2rda carrier
_aOnline Resource
650 1 0 _aCommon law
_xHistory.
650 1 0 _aCommon law
_xinterpretation and construction.
650 1 0 _aAnglo- American law.
700 1 _aBadran, M. Mohamed.
856 4 0 _uhttps://fll.law.cu.edu.eg/fulltext/bks/ENGB08-00003.pdf
905 _a10
942 _2ddc
_cBK
_e21
_n0
999 _c46382
_d46382